000 00618nam a22001697a 4500
003 MACL
005 20160221113048.0
008 160221b xxu||||| |||| 00| 0 eng d
040 _cMACL
041 _aHindi
082 _a330/LAL
100 _aलाल प्रो. एस. एन
_939338
245 _aभारतीय अर्थव्‍यवस्‍‍था
_bसर्वेक्षण तथा विश्‍लेषण
260 _aइलाहाबाद
_bशिवम पब्लिशर्स
_c2015
650 _aअर्थ व्‍यवस्‍था
_939339
942 _2ddc
_cHIN
999 _c53367
_d53367